Siembra de evangelio
Saved in:
| Hovedforfatter: | |
|---|---|
| Format: | Bog |
| Sprog: | spansk |
| Udgivet: |
Madrid
Coculsa
1950
|
| Fag: | |
| Tags: |
Tilføj Tag
Ingen Tags, Vær først til at tagge denne postø!
|
MARC
| LEADER | 00000nam a2200000 a 4500 | ||
|---|---|---|---|
| 001 | UCR3129 | ||
| 003 | CL-VaPUC | ||
| 008 | 980123e19500000SP |||||||||||||||||spa|d | ||
| 082 | 0 | 4 | |a 248 |b HER |2 21 |
| 100 | 0 | |a Hernández del Hoyo, Antonio |e author |9 401965 | |
| 245 | 1 | 0 | |a Siembra de evangelio |
| 300 | |a 690 p | ||
| 942 | |c BK | ||
| 945 | |d 19980123 00:00:00 |a rleighto | ||
| 260 | |a Madrid |b Coculsa |c 1950 | ||
| 650 | 7 | |a EVANGELIO |2 CL-VaPUC |9 368586 | |
| 650 | 0 | |a Fiestas religiosas |9 349319 | |
| 650 | 7 | |a DOMINICAS |2 CL-VaPUC |9 399962 | |
| 583 | |a last modification |c 19980123 00:00:00 |k Rodrigo Vera | ||
| 999 | |c 266231 |d 266229 | ||
| 952 | |0 0 |1 0 |4 0 |6 248_000000000000000_HER_1950 |7 0 |8 A |9 297638 |a BIBTEO |b BIBTEO |d 2019-11-20 |i 3384551 |o 248 HER 1950 |p 3384551 |r 2025-01-17 |w 2019-11-20 |y BK |k ICR | ||